Die Geschichte der sozialistischen Ideen im 19. Jahrhundert / (Record no. 109123)

MARC details
000 -LEADER
campo de control de longitud fija 00541nam a2200157 4500
001 - NÚMERO DE CONTROL
campo de control 109123
003 - IDENTIFICADOR DE NÚMERO DE CONTROL
campo de control ES-MaACL
007 - CAMPO FIJO DE DESCRIPCIÓN FÍSICA--INFORMACIÓN GENERAL
campo de control de longitud fija t|
008 - DATOS DE LONGITUD FIJA--INFORMACIÓN GENERAL
campo de control de longitud fija 061121s1909 gw r ||||1| ger d
100 1# - ENTRADA PRINCIPAL--NOMBRE DE PERSONA
Nombre de persona Muckle, Friedrich.
9 (RLIN) 84022
245 10 - MENCIÓN DEL TÍTULO
Título Die Geschichte der sozialistischen Ideen im 19. Jahrhundert /
Mención de responsabilidad, etc. Friedrich Muckle.
260 ## - PUBLICACIÓN, DISTRIBUCIÓN, ETC.
Lugar de publicación, distribución, etc. Leipzig :
Nombre del editor, distribuidor, etc. Teubner,
Fecha de publicación, distribución, etc. 1909.
300 ## - DESCRIPCIÓN FÍSICA
Extensión 2v. ;
Dimensiones 19 cm.
500 ## - NOTA GENERAL
Nota general Contiene: Tomo I Der rationale Sozialismus. Tomo II Proudhon und der entwicklungsgeschichtliche Sozialismus.
852 ## - LOCALIZACIÓN
Ubicación ES-MaACL
Número de control de estantería G-2943-4
Holdings
Estatus retirado Estado de pérdida Estado de daño No para préstamo Biblioteca de origen Biblioteca actual Ubicación en estantería Fecha de adquisición Fuente de adquisición Total de préstamos Signatura topográfica completa Código de barras Visto por última vez Precio de reemplazo Tipo de ítem Koha
        Biblioteca del Ateneo de Madrid Biblioteca del Ateneo de Madrid Depósito 2 17/01/2008     G-2943-4 1113861 23/02/2023 23/02/2023 Libro impreso